Statistics for General Knowledge Quiz #144

Click here to take the quiz!

General Stats

  • This quiz has been taken 58,390 times
    (28,303 since last reset)
  • The average score is 12 of 20

Answer Stats

QuestionwAnswer% Correct
What disease caused the deaths of Freddie Mercury, Liberace, and Arthur Ashe?AIDS
92%
What was the worst nuclear accident of all time?Chernobyl
90%
What is the second most populous city in Australia?Melbourne
81%
Who directed the movie "Jaws"?Steven Spielberg
77%
What is the English translation of the Spanish word "fuego"?Fire
75%
What ballet features "The Dance of the Sugar Plum Fairy"?The Nutcracker
73%
What country do the first names Spiro, Ioannis, and Sophia come from?Greece
69%
What style of facial hair was famously worn by U.S. Civil War general Ambrose Burnside?Sideburns
68%
What movie villain once ate a man's liver with some fava beans and a nice chianti?Hannibal Lecter
67%
What is black sausage made from?Blood
63%
Who made cameo appearances in 39 movies directed by Alfred Hitchcock?Alfred Hitchcock
62%
What well-known video game was created in Moscow in 1984?Tetris
60%
Who has the Twitter handle @pontifex?Pope Francis
44%
What city has the greatest number of skyscrapers over 150 meters in height?Hong Kong
42%
What type of musical instrument is used in calypso music and was formerly
made from used oil barrels?
Steelpan
42%
What country is located entirely on an isthmus?Panama
40%
Genghis Khan had thousands of grandsons. Which one is the best known?Kublai Khan
39%
During the French Revolution, what committee was ironically responsible for
killing a great number of people?
Committee of Public
{Safety}
36%
If a doctor orders 5 cc's of a medicine, what does cc stand for?Cubic Centimeter
36%
What holiday was first celebrated on April 22, 1970?Earth Day
25%

Score Distribution

Percentile by Number Answered

Percent of People with Each Score

Your Score History

You have not taken this quiz since the last reset